00384nam a2200109Ia 4500008004100000020001800041041000800059082001300067100001900080245011500099260006000214230717s9999 xx 000 0 und d a81-7534-388-5 aeng a342bRAO aRao B. Shiva , aConstitution Making Since 1950: An Overview , Amendments- First To Ninety Secind And Other Documents 1950-2004 aNew DelhibUniversal Law Publishing Co. Pvt. Ltd.c2004